00674nam a2200241 a 4500001001300000003000900013005001700022008004100039020001100080082001600091100002200107245003100129260003000160300000900190500003500199505001000234650002900244700002200273902000800295942000700303952010700310999001500417nice12345678IN_TiNIC20260116011554.0050524s1959 lona grp 000 0 eng  ac22.200a181.07bVAH aVahid, Syed Abdul aIqbal, His Art and Thought aLondonbJohn Murrayc1959 a254p aincludes index and biblioraphy2 aIndex aPhilosophy-Islamic-Iqbal1 aVahid, Syed Abdul bSRS cBK 00104070aHMIbHMId2007-07-31g22.20l2o181.07 VAHp01112r2022-02-23s2020-02-17w2026-01-16yEB c2682d2682